Los desarrollos latinoamericanos y sus controversias /
Guardado en:
| Autor Principal: | |
|---|---|
| Formato: | Libro |
| Idioma: | Spanish |
| Publicado: |
Ushuaia :
Ediciones UNTDF,
2016.
|
| Edición: | 1a. ed. |
| Series: | Territorios ;
1 |
| Materias: | |
| Etiquetas: |
Agregar Etiqueta
Sin Etiquetas, Sea el primero en etiquetar este registro!
|
| LEADER | 00506nam a22001695a 4500 | ||
|---|---|---|---|
| 001 | DER.der014480 | ||
| 008 | 191120s2016####ag############000#0#spa#d | ||
| 005 | 20250228111115.0 | ||
| 245 | 1 | 0 | |a Los desarrollos latinoamericanos y sus controversias / |c Oscar Madoery. |
| 250 | |a 1a. ed. | ||
| 260 | |a Ushuaia : |b Ediciones UNTDF, |c 2016. | ||
| 300 | |a 317 p. | ||
| 490 | 0 | |a Territorios ; |v 1 | |
| 020 | |a 9789874597540 | ||
| 100 | 1 | |a Madoery, Oscar. | |
| 650 | 7 | |a ECONOMIA POLITICA | |
| 859 | |a DERECHO |b BIB. DERECHO |h 338.9 |i MAD |p 009759 | ||
